| 000 | 01064cab a2200397 4500 | ||
|---|---|---|---|
| 001 | ABS53928 | ||
| 008 | 090401t1995 xxu||||| |||| 00| 0 eng d | ||
| 035 | _a(Sirsi) u7466 | ||
| 041 | _aeng | ||
| 245 | _aEstates Gazette supplement: licensed and leisure property | ||
| 260 | _c1995 | ||
| 300 | _aLOAN | ||
| 350 | _a0 | ||
| 490 |
_aEstates Gazette _v(9546) 18 November 1995, (32) |
||
| 520 | _aIncludes table of hotel deals and realised prices. | ||
| 650 | _aCHANCERY COURT | ||
| 650 | _aCHARING CROSS TOWER HOTEL | ||
| 650 | _aCHURCHES | ||
| 650 | _aCINEMAS | ||
| 650 | _aCOASTAL RESORTS | ||
| 650 | _aCONVERSIONS | ||
| 650 | _aEASTBOURNE | ||
| 650 | _aHOTEL MARKET | ||
| 650 | _aHOTEL VALUATION | ||
| 650 | _aHOTELS | ||
| 650 | _aINVESTMENT MARKET | ||
| 650 | _aLEISURE MARKET | ||
| 650 | _aLEISURE PROPERTY | ||
| 650 | _aLICENSED PROPERTY | ||
| 650 | _aPUBLIC HOUSES | ||
| 650 | _aRESTAURANTS | ||
| 650 | _aSTAKIS | ||
| 690 | _aPROPERTY-COMMERCIAL PROPERTY-COMMERCIAL PROPERTY MARKET | ||
| 942 | _n0 | ||
| 948 | _c04/03/1997 | ||
| 999 |
_c4512 _d4512 |
||